The Court-Fees Act & Suits Valuation Act (VII of 1887) / (Record no. 540982)
[ view plain ]
| 000 -LEADER | |
|---|---|
| fixed length control field | 00414nam a22001217a 4500 |
| 082 ## - DEWEY DECIMAL CLASSIFICATION NUMBER | |
| Classification number | 347.549077 |
| 100 ## - MAIN ENTRY--PERSONAL NAME | |
| Personal name | Mahmood, Shaukat ; Shaukat, Nadeem |
| 245 ## - TITLE STATEMENT | |
| Title | The Court-Fees Act & Suits Valuation Act (VII of 1887) / |
| Statement of responsibility, etc. | Shaukat Mahmood ; Nadeem Shaukat |
| 260 ## - PUBLICATION, DISTRIBUTION, ETC. | |
| Place of publication, distribution, etc. | Lahore : |
| Name of publisher, distributor, etc. | Legal Research Center, |
| Date of publication, distribution, etc. | 2020. |
| 300 ## - PHYSICAL DESCRIPTION | |
| Extent | 490 p. ; |
| Dimensions | 24cm. |
| 942 ## - ADDED ENTRY ELEMENTS (KOHA) | |
| Source of classification or shelving scheme | |
| Koha item type | Book |
| Withdrawn status | Lost status | Source of classification or shelving scheme | Damaged status | Not for loan | Permanent Location | Current Location | Shelving location | Date acquired | Source of acquisition | Full call number | Barcode | Date last seen | Price effective from | Koha item type |
|---|---|---|---|---|---|---|---|---|---|---|---|---|---|---|
| NUST Law School (NLS) | NUST Law School (NLS) | Law | 11/13/2020 | Golden Books | 347.549077 MAH | CL-474 | 11/13/2020 | 11/13/2020 | Book |
